Childhood Sexual Abuse and Coping as Young Adults: The Roles of Attachment and Mattering
This study examined whether a history of childhood sexual abuse (CSA), attachment to mother, father, and friends, and mattering were related to the coping behaviors of 171 male and 85 female, ethnically diverse, low-income, young adults. The 74 survivors of CSA reported lower attachment to father an...
| Authors: | ; |
|---|---|
| Format: | Electronic Article |
| Language: | English |
| Published: |
2022
|
| In: |
Journal of interpersonal violence
Year: 2022, Volume: 37, Issue: 7/8, Pages: NP4931-NP4951 |
| Online Access: |
Volltext (lizenzpflichtig) |
| Check availability: | HBZ Gateway |
| Keywords: |
MARC
| LEADER | 00000naa a22000002c 4500 | ||
|---|---|---|---|
| 001 | 1883721075 | ||
| 003 | DE-627 | ||
| 005 | 20240318152949.0 | ||
| 007 | cr uuu---uuuuu | ||
| 008 | 240318s2022 xx |||||o 00| ||eng c | ||
| 024 | 7 | |a 10.1177/0886260520958647 |2 doi | |
| 035 | |a (DE-627)1883721075 | ||
| 035 | |a (DE-599)KXP1883721075 | ||
| 040 | |a DE-627 |b ger |c DE-627 |e rda | ||
| 041 | |a eng | ||
| 084 | |a 2,1 |2 ssgn | ||
| 100 | 1 | |a Love, Sarah |e VerfasserIn |4 aut | |
| 245 | 1 | 0 | |a Childhood Sexual Abuse and Coping as Young Adults: The Roles of Attachment and Mattering |
| 264 | 1 | |c 2022 | |
| 336 | |a Text |b txt |2 rdacontent | ||
| 337 | |a Computermedien |b c |2 rdamedia | ||
| 338 | |a Online-Ressource |b cr |2 rdacarrier | ||
| 520 | |a This study examined whether a history of childhood sexual abuse (CSA), attachment to mother, father, and friends, and mattering were related to the coping behaviors of 171 male and 85 female, ethnically diverse, low-income, young adults. The 74 survivors of CSA reported lower attachment to father and less mattering to parents than did the 97 who reported no abuse. Compared to male survivors, female survivors reported greater use of problem-focused coping and also perceived their abuse experience, particularly the use of force, as having a more negative impact on them. Stronger attachment to mother and to friends predicted more positive problem-focused coping. Mattering to friends moderated the relation between CSA history and problem-focused coping, with the CSA survivors who reported the highest mattering to friends also using the most problem-focused coping strategies. The role of attachment and mattering in problem-focused coping among young adults, especially those with a CSA history, is discussed. | ||
| 650 | 4 | |a anything related to child abuse | |
| 650 | 4 | |a Attachment | |
| 650 | 4 | |a Child Abuse | |
| 650 | 4 | |a family issues and mediators | |
| 650 | 4 | |a Mental Health | |
| 650 | 4 | |a Sexual Abuse | |
| 650 | 4 | |a Violence | |
| 700 | 1 | |a Robinson Kurpius, Sharon E. |e VerfasserIn |4 aut | |
| 773 | 0 | 8 | |i Enthalten in |t Journal of interpersonal violence |d London [u.a.] : Sage, 1986 |g 37(2022), 7/8, Seite NP4931-NP4951 |h Online-Ressource |w (DE-627)324614721 |w (DE-600)2028900-5 |w (DE-576)276556305 |x 1552-6518 |7 nnas |
| 773 | 1 | 8 | |g volume:37 |g year:2022 |g number:7/8 |g pages:NP4931-NP4951 |
| 856 | 4 | 0 | |u https://doi.org/10.1177/0886260520958647 |x Resolving-System |z lizenzpflichtig |3 Volltext |7 1 |
| 951 | |a AR | ||
| ELC | |a 1 | ||
| LOK | |0 000 xxxxxcx a22 zn 4500 | ||
| LOK | |0 001 4501474793 | ||
| LOK | |0 003 DE-627 | ||
| LOK | |0 004 1883721075 | ||
| LOK | |0 005 20240318152949 | ||
| LOK | |0 008 240318||||||||||||||||ger||||||| | ||
| LOK | |0 040 |a DE-2619 |c DE-627 |d DE-2619 | ||
| LOK | |0 092 |o n | ||
| LOK | |0 852 |a DE-2619 | ||
| LOK | |0 852 1 |9 00 | ||
| LOK | |0 866 |x zotak: Nacherfasst, da in zota-Errors | ||
| LOK | |0 935 |a krzo | ||
| LOK | |0 939 |a 18-03-24 |b l01 | ||
| ORI | |a SA-MARC-krimdoka001.raw | ||
